00537 2200193 4500001002100000005001500021035002000036007000300056008004100059020002200100082001000122084001600132100001800148245006900166250001100235260003300246300004500279650001900324INLIS00000000000201420260211072429 a0010-0226000024ta260211 g 0 ind  a978-602-72905-4-9 a927.9 a927.9 RAN t0 aRanny Rastati1 aThe Unofficial Book Of :bDaehan, Minguk, Manse /cRanny Rastati aCet. 1 aJakarta :bFantasious,c2015 avi + 130 hlm. :bilus. ;c17.5 x 23.5 cm aBiografi Artis